000 00336nam a2200133 4500
005 20260530115302.0
100 1 _aWestinghouse
_931394
245 1 0 _aManual del alumbrado
264 1 _bEd. Dossat SA España
_c1987
300 _a255 páginas
336 _atexto
_2rdacontent
337 _asin medio
_2rdamedia
338 _avolumen
_2rdacarrier
999 _c12909
_d12909